Avengers: Doomsday personnages - Statistiques

Statistiques générales
  • Ce quiz a été pris 92 fois
  • Le résultat moyen est 16 sur 27
Statistiques - réponses
Par images Réponse % Correct
Antman
99%
Captain America
87%
Loki
83%
Thor
82%
Black Panthère
77%
La Chose
76%
Falcon
63%
Bucky Barnes
62%
Magneto
61%
Cyclope
59%
Mister Fantastique
59%
Shang-Chi
59%
Dr.Doom
58%
Professeur X
58%
La Torche Humaine
56%
La Femme Invisible
55%
Namor
52%
Diablo
51%
Gambit
51%
Mystique
51%
M’Baku
49%
Sentry
49%
Yelena Belova
44%
Red Guardian
42%
Ghost
39%
US Agent
39%
́Le Fauve
31%
Aucun quiz correspondant
Distribution des résultats
% des personnes avec chaque résultat
Percentile par nombre de réponses
Votre historique - résultats
Vous n’avez pas pris ce quiz